<?xml version="1.0" encoding="UTF-8"?>
<record
    xmlns:xsi="http://www.w3.org/2001/XMLSchema-instance"
    xsi:schemaLocation="http://www.loc.gov/MARC21/slim http://www.loc.gov/standards/marcxml/schema/MARC21slim.xsd"
    xmlns="http://www.loc.gov/MARC21/slim">

  <leader>02556nam a2200469 i 4500</leader>
  <controlfield tag="003">DO-SdBNP</controlfield>
  <controlfield tag="005">20260313105459.0</controlfield>
  <controlfield tag="007">ta</controlfield>
  <controlfield tag="008">210205e1999    dr |||||rl|||o001 0 spa d</controlfield>
  <datafield tag="040" ind1=" " ind2=" ">
    <subfield code="a">DO-SdBNP</subfield>
    <subfield code="b">spa</subfield>
    <subfield code="c">BNPHU</subfield>
    <subfield code="e">rda</subfield>
  </datafield>
  <datafield tag="041" ind1=" " ind2=" ">
    <subfield code="a">spa</subfield>
  </datafield>
  <datafield tag="082" ind1=" " ind2="4">
    <subfield code="a">342.729303</subfield>
    <subfield code="b">R426c 1999</subfield>
    <subfield code="2">22</subfield>
  </datafield>
  <datafield tag="110" ind1="2" ind2=" ">
    <subfield code="a">Rep&#xFA;blica Dominicana.</subfield>
    <subfield code="9">447</subfield>
  </datafield>
  <datafield tag="240" ind1="1" ind2="0">
    <subfield code="a">Constituci&#xF3;n (1999)</subfield>
  </datafield>
  <datafield tag="245" ind1="1" ind2="0">
    <subfield code="a">Constituci&#xF3;n de la Rep&#xFA;blica Dominicana.</subfield>
  </datafield>
  <datafield tag="250" ind1=" " ind2=" ">
    <subfield code="a">Edici&#xF3;n oficial</subfield>
  </datafield>
  <datafield tag="264" ind1=" " ind2=" ">
    <subfield code="a">Santo Domingo :</subfield>
    <subfield code="b">CAMJ ,</subfield>
    <subfield code="c">1999</subfield>
  </datafield>
  <datafield tag="300" ind1=" " ind2=" ">
    <subfield code="a">93 p&#xE1;ginas ;</subfield>
    <subfield code="c">19 cm</subfield>
  </datafield>
  <datafield tag="336" ind1=" " ind2=" ">
    <subfield code="a">texto</subfield>
    <subfield code="b">txt</subfield>
    <subfield code="2">rdacontent</subfield>
  </datafield>
  <datafield tag="337" ind1=" " ind2=" ">
    <subfield code="a">sin mediaci&#xF3;n</subfield>
    <subfield code="b">n</subfield>
    <subfield code="2">rdamedia</subfield>
  </datafield>
  <datafield tag="338" ind1=" " ind2=" ">
    <subfield code="a">volumen</subfield>
    <subfield code="b">nc</subfield>
    <subfield code="2">rdacarrier</subfield>
  </datafield>
  <datafield tag="505" ind1="0" ind2=" ">
    <subfield code="a">T&#xED;tulo I :</subfield>
    <subfield code="t">Secci&#xF3;n I : de la naci&#xF3;n, de su soberan&#xED;a y de su gobierno. secci&#xF3;n II : del territorio. secci&#xF3;n III: del r&#xE9;gimen econ&#xF3;mico 
y social fronterizo.
     </subfield>
  </datafield>
  <datafield tag="505" ind1="1" ind2=" ">
    <subfield code="a">T&#xED;tulo II :</subfield>
    <subfield code="t">Secci&#xF3;n I : de los derechos individuales y sociales. secci&#xF3;n II : de lo deberes.</subfield>
  </datafield>
  <datafield tag="505" ind1="1" ind2=" ">
    <subfield code="a">T&#xED;tulo III :</subfield>
    <subfield code="t">Derechos pol&#xED;ticos. secci&#xF3;n I : de la nacionalidad. secci&#xF3;n II de la ciudadan&#xED;a.</subfield>
  </datafield>
  <datafield tag="505" ind1="1" ind2=" ">
    <subfield code="a">T&#xED;tulo IV : 




</subfield>
    <subfield code="t">Secci&#xF3;n I : del Poder Legislativo. secci&#xF3;n II : del senado. secci&#xF3;n III : de la c&#xE1;mara de diputado. secci&#xF3;n IV : disposiciones comunes a ambas c&#xE1;maras. secci&#xF3;n V : del congreso. secci&#xF3;n VI : de la formaci&#xF3;n y efecto de las leyes.</subfield>
  </datafield>
  <datafield tag="505" ind1="1" ind2=" ">
    <subfield code="a">T&#xED;tulo V :</subfield>
    <subfield code="t">Seci&#xF3;n I : del Poder Ejecutivo. secci&#xF3;n II : de los secretarios de Estado.</subfield>
  </datafield>
  <datafield tag="505" ind1="1" ind2=" ">
    <subfield code="a">T&#xED;tulo vi:</subfield>
    <subfield code="t">Secci&#xF3;n I : del Poder Judicial. secci&#xF3;n II de la Suprema Corte de Justicia. secci&#xF3;n III : de las Cortes de Apelaci&#xF3;n. secci&#xF3;n IV : del Tribunal de Tierra. secci&#xF3;n V : de los Juzgado de Primera Instancia. secci&#xF3;n VI : de los Juzgado de Paz.</subfield>
  </datafield>
  <datafield tag="505" ind1="1" ind2=" ">
    <subfield code="a">T&#xED;tulo VII :</subfield>
    <subfield code="t">De la C&#xE1;mara de Cuenta.</subfield>
  </datafield>
  <datafield tag="505" ind1="1" ind2=" ">
    <subfield code="a">T&#xED;tulo VIII :</subfield>
    <subfield code="t">Del Distrito Nacional y de los municipios.</subfield>
  </datafield>
  <datafield tag="505" ind1="1" ind2=" ">
    <subfield code="a">T&#xED;tulo IX :</subfield>
    <subfield code="t">Del r&#xE9;gimen de las provincias.</subfield>
  </datafield>
  <datafield tag="505" ind1="1" ind2=" ">
    <subfield code="a">T&#xED;tulo X :</subfield>
    <subfield code="t">De las asambleas electorales.</subfield>
  </datafield>
  <datafield tag="505" ind1="1" ind2=" ">
    <subfield code="a">T&#xED;tulo XI :</subfield>
    <subfield code="t">De las fuerza armadas.</subfield>
  </datafield>
  <datafield tag="505" ind1="1" ind2=" ">
    <subfield code="a">T&#xED;tulo XII : Disposiciones generales.</subfield>
  </datafield>
  <datafield tag="505" ind1="1" ind2=" ">
    <subfield code="a">T&#xED;tulo XIII .</subfield>
    <subfield code="t">De las reformas constitucionales.</subfield>
  </datafield>
  <datafield tag="505" ind1="1" ind2=" ">
    <subfield code="a">T&#xED;tulo XIV :</subfield>
    <subfield code="t">Disposiciones transitorias.</subfield>
  </datafield>
  <datafield tag="590" ind1=" " ind2=" ">
    <subfield code="a">Inventariado, 2024 / DG</subfield>
  </datafield>
  <datafield tag="651" ind1=" " ind2="4">
    <subfield code="a">Rep&#xFA;blica Dominicana</subfield>
    <subfield code="x">Constituci&#xF3;n (1999)</subfield>
    <subfield code="9">77742</subfield>
  </datafield>
  <datafield tag="651" ind1=" " ind2="4">
    <subfield code="a">Rep&#xFA;blica Dominicana</subfield>
    <subfield code="z">Derecho Constitucional.</subfield>
    <subfield code="9">449</subfield>
  </datafield>
  <datafield tag="710" ind1="1" ind2=" ">
    <subfield code="a">Rep&#xFA;blica Dominicana.</subfield>
    <subfield code="b">Comisionado de Apoyo a la Reforma y Modernizaci&#xF3;n de la Justicia</subfield>
    <subfield code="9">17179</subfield>
  </datafield>
  <datafield tag="910" ind1=" " ind2=" ">
    <subfield code="a">DG</subfield>
  </datafield>
  <datafield tag="942" ind1=" " ind2=" ">
    <subfield code="2">ddc</subfield>
    <subfield code="c">LBS1</subfield>
  </datafield>
  <datafield tag="952" ind1=" " ind2=" ">
    <subfield code="0">0</subfield>
    <subfield code="1">0</subfield>
    <subfield code="2">ddc</subfield>
    <subfield code="5">1</subfield>
    <subfield code="7">0</subfield>
    <subfield code="8">PD</subfield>
    <subfield code="a">BNPHU</subfield>
    <subfield code="b">BNPHU</subfield>
    <subfield code="c">HD</subfield>
    <subfield code="d">2020-02-12</subfield>
    <subfield code="e">Donado por Graciela Geraldo</subfield>
    <subfield code="l">0</subfield>
    <subfield code="o">BNPHU PD 342.729303 R426c 1999</subfield>
    <subfield code="p">2021-0144</subfield>
    <subfield code="r">2021-02-05</subfield>
    <subfield code="w">2021-02-05</subfield>
    <subfield code="y">LBS1</subfield>
  </datafield>
  <datafield tag="952" ind1=" " ind2=" ">
    <subfield code="0">0</subfield>
    <subfield code="1">0</subfield>
    <subfield code="2">ddc</subfield>
    <subfield code="5">1</subfield>
    <subfield code="7">0</subfield>
    <subfield code="8">PD</subfield>
    <subfield code="a">BNPHU</subfield>
    <subfield code="b">BNPHU</subfield>
    <subfield code="c">HD</subfield>
    <subfield code="d">2024-02-06</subfield>
    <subfield code="e">Donaci&#xF3;n</subfield>
    <subfield code="l">0</subfield>
    <subfield code="o">BNPHU PD 342.729303 R426c 1999</subfield>
    <subfield code="p">2024-0712</subfield>
    <subfield code="r">2024-02-06</subfield>
    <subfield code="t">e.2</subfield>
    <subfield code="w">2024-02-06</subfield>
    <subfield code="y">LBS1</subfield>
  </datafield>
  <datafield tag="952" ind1=" " ind2=" ">
    <subfield code="0">0</subfield>
    <subfield code="1">0</subfield>
    <subfield code="2">ddc</subfield>
    <subfield code="5">6</subfield>
    <subfield code="7">0</subfield>
    <subfield code="8">DS</subfield>
    <subfield code="a">BNPHU</subfield>
    <subfield code="b">BNPHU</subfield>
    <subfield code="c">HD</subfield>
    <subfield code="d">2026-01-15</subfield>
    <subfield code="e">Donado por Bienvenido Brito </subfield>
    <subfield code="l">0</subfield>
    <subfield code="o">BNPHU DS 342.729303 R426c 1999</subfield>
    <subfield code="p">2026-0062</subfield>
    <subfield code="r">2026-01-15</subfield>
    <subfield code="t">e.3</subfield>
    <subfield code="w">2026-01-15</subfield>
    <subfield code="y">LBS1</subfield>
    <subfield code="z">Donado por Bienvenido Brito </subfield>
  </datafield>
  <datafield tag="999" ind1=" " ind2=" ">
    <subfield code="c">49357</subfield>
    <subfield code="d">49357</subfield>
  </datafield>
</record>
